La lutte des Lejaby mise en scènes (notice n° 1597002)

détails MARC
000 -LEADER
fixed length control field 01735cam a2200325 4500500
005 - DATE AND TIME OF LATEST TRANSACTION
control field 20251228074147.0
041 ## - LANGUAGE CODE
Language code of text/sound track or separate title fre
042 ## - AUTHENTICATION CODE
Authentication code dc
100 10 - MAIN ENTRY--PERSONAL NAME
Personal name Ibos, Caroline
Relator term author
245 00 - TITLE STATEMENT
Title La lutte des Lejaby mise en scènes
260 ## - PUBLICATION, DISTRIBUTION, ETC.
Date of publication, distribution, etc. 2016.<br/>
500 ## - GENERAL NOTE
General note 87
520 ## - SUMMARY, ETC.
Summary, etc. Résumé En 2012, une auteure de théâtre et une metteure en scène s'emparent de la fermeture de l'usine de lingerie Lejaby en Haute-Loire pour monter un spectacle théâtral. Le texte s'appuie sur un travail de recueil de paroles mené auprès des ouvrières et la scénographie traduit une longue observation de terrain. La pièce montre comment la lutte contre une délocalisation industrielle est un moment où les femmes saisissent la place que le travail a pu prendre dans la construction de leurs identités individuelles comme collectives. Le travail, loin de se réduire à un ensemble de gestes, de fonctions ou de contraintes circonscrites, est un flux qui imprègne toute la vie, de l'intime au politique.
690 ## - LOCAL SUBJECT ADDED ENTRY--TOPICAL TERM (OCLC, RLIN)
Topical term or geographic name as entry element CONDITIONS SOCIALES
690 ## - LOCAL SUBJECT ADDED ENTRY--TOPICAL TERM (OCLC, RLIN)
Topical term or geographic name as entry element DÉLOCALISATIONS INDUSTRIELLES
690 ## - LOCAL SUBJECT ADDED ENTRY--TOPICAL TERM (OCLC, RLIN)
Topical term or geographic name as entry element IDENTITÉS AU TRAVAIL
690 ## - LOCAL SUBJECT ADDED ENTRY--TOPICAL TERM (OCLC, RLIN)
Topical term or geographic name as entry element LUTTES
690 ## - LOCAL SUBJECT ADDED ENTRY--TOPICAL TERM (OCLC, RLIN)
Topical term or geographic name as entry element MOBILISATIONS COLLECTIVES
690 ## - LOCAL SUBJECT ADDED ENTRY--TOPICAL TERM (OCLC, RLIN)
Topical term or geographic name as entry element OUVRIÈRES
690 ## - LOCAL SUBJECT ADDED ENTRY--TOPICAL TERM (OCLC, RLIN)
Topical term or geographic name as entry element RAPPORT AU TRAVAIL
690 ## - LOCAL SUBJECT ADDED ENTRY--TOPICAL TERM (OCLC, RLIN)
Topical term or geographic name as entry element REPRÉSENTATIONS ARTISTIQUES
690 ## - LOCAL SUBJECT ADDED ENTRY--TOPICAL TERM (OCLC, RLIN)
Topical term or geographic name as entry element REPRÉSENTATIONS DU TRAVAIL OUVRIER
690 ## - LOCAL SUBJECT ADDED ENTRY--TOPICAL TERM (OCLC, RLIN)
Topical term or geographic name as entry element THÉÂTRE ET POLITIQUE
690 ## - LOCAL SUBJECT ADDED ENTRY--TOPICAL TERM (OCLC, RLIN)
Topical term or geographic name as entry element XXe SIÈCLE
700 10 - ADDED ENTRY--PERSONAL NAME
Personal name Schmidt, Géraldine
Relator term author
700 10 - ADDED ENTRY--PERSONAL NAME
Personal name Mourey, Damien
Relator term author
700 10 - ADDED ENTRY--PERSONAL NAME
Personal name Bobadilla, Natalia
Relator term author
786 0# - DATA SOURCE ENTRY
Note Sociologies pratiques | 33 | 3 | 2016-09-21 | p. 49-58 | 1235-9278
856 41 - ELECTRONIC LOCATION AND ACCESS
Uniform Resource Identifier <a href="https://shs.cairn.info/revue-sociologies-pratiques-2016-3-page-49?lang=fr&redirect-ssocas=7080">https://shs.cairn.info/revue-sociologies-pratiques-2016-3-page-49?lang=fr&redirect-ssocas=7080</a>

Pas d'exemplaire disponible.

PLUDOC

PLUDOC est la plateforme unique et centralisée de gestion des bibliothèques physiques et numériques de Guinée administré par le CEDUST. Elle est la plus grande base de données de ressources documentaires pour les Étudiants, Enseignants chercheurs et Chercheurs de Guinée.

Adresse

627 919 101/664 919 101

25 boulevard du commerce
Kaloum, Conakry, Guinée

Réseaux sociaux

Powered by Netsen Group @ 2025